FLUID MECHANICS / (Record no. 24343)
[ view plain ]
| 000 -LEADER | |
|---|---|
| fixed length control field | 00738nam a22002177a 4500 |
| 003 - CONTROL NUMBER IDENTIFIER | |
| control field | Nust |
| 005 - DATE AND TIME OF LATEST TRANSACTION | |
| control field | 20170606104634.0 |
| 008 - FIXED-LENGTH DATA ELEMENTS--GENERAL INFORMATION | |
| fixed length control field | 170109b xxu||||| |||| 00| 0 eng d |
| 020 ## - INTERNATIONAL STANDARD BOOK NUMBER | |
| International Standard Book Number | 9788131721407 |
| 040 ## - CATALOGING SOURCE | |
| Transcribing agency | RCMS |
| Original cataloging agency | DLC |
| Language of cataloging | DLC |
| 082 ## - DEWEY DECIMAL CLASSIFICATION NUMBER | |
| Classification number | 620.106 DOU |
| 100 ## - MAIN ENTRY--PERSONAL NAME | |
| Personal name | Douglas, John F. |
| 9 (RLIN) | 1677 |
| 245 ## - TITLE STATEMENT | |
| Title | FLUID MECHANICS / |
| Statement of responsibility, etc. | John F. Douglas |
| 250 ## - EDITION STATEMENT | |
| Edition statement | 5th ed. |
| 260 ## - PUBLICATION, DISTRIBUTION, ETC. | |
| Place of publication, distribution, etc. | New Delhi: |
| Name of publisher, distributor, etc. | Pearson; |
| Date of publication, distribution, etc. | c2008. |
| 300 ## - PHYSICAL DESCRIPTION | |
| Extent | 992p:, |
| Other physical details | ill: |
| Dimensions | 24 cm. |
| 500 ## - GENERAL NOTE | |
| General note | paperback. |
| 538 ## - SYSTEM DETAILS NOTE | |
| Display text | Shelf # 10, Row # 2, Mechanical & Aerospace. |
| 650 ## - SUBJECT ADDED ENTRY--TOPICAL TERM | |
| Topical term or geographic name entry element | Fluid Mechanics |
| 9 (RLIN) | 1678 |
| 856 ## - ELECTRONIC LOCATION AND ACCESS | |
| Materials specified | Table of Content Only |
| 942 ## - ADDED ENTRY ELEMENTS (KOHA) | |
| Koha item type | Book |
| Source of classification or shelving scheme | |
| Withdrawn status | Lost status | Source of classification or shelving scheme | Damaged status | Not for loan | Permanent Location | Current Location | Shelving location | Date acquired | Total Checkouts | Full call number | Barcode | Date last seen | Price effective from | Koha item type | Date last checked out | Total Renewals | Checked out |
|---|---|---|---|---|---|---|---|---|---|---|---|---|---|---|---|---|---|
| School of Interdisciplinary Engineering and Sciences (SINES) | School of Interdisciplinary Engineering and Sciences (SINES) | General Stacks | 05/19/2014 | 532.5DOU | RCMS001236 | 05/19/2014 | 05/19/2014 | Book | |||||||||
| School of Interdisciplinary Engineering and Sciences (SINES) | School of Interdisciplinary Engineering and Sciences (SINES) | General Stacks | 05/19/2014 | 532.5DOU | RCMS001237 | 09/28/2020 | 05/19/2014 | Book | |||||||||
| School of Interdisciplinary Engineering and Sciences (SINES) | School of Interdisciplinary Engineering and Sciences (SINES) | General Stacks | 05/19/2014 | 532.5DOU | RCMS001238 | 05/19/2014 | 05/19/2014 | Book | |||||||||
| School of Interdisciplinary Engineering and Sciences (SINES) | School of Interdisciplinary Engineering and Sciences (SINES) | General Stacks | 05/19/2014 | 1 | 532.5DOU | RCMS001239 | 10/27/2015 | 05/19/2014 | Book | 09/05/2014 | |||||||
| School of Interdisciplinary Engineering and Sciences (SINES) | School of Interdisciplinary Engineering and Sciences (SINES) | General Stacks | 05/19/2014 | 1 | 532.5DOU | RCMS001240 | 06/03/2015 | 05/19/2014 | Book | 09/04/2014 | |||||||
| School of Interdisciplinary Engineering and Sciences (SINES) | School of Interdisciplinary Engineering and Sciences (SINES) | General Stacks | 05/19/2014 | 532.5DOU | RCMS001241 | 05/19/2014 | 05/19/2014 | Book | |||||||||
| School of Interdisciplinary Engineering and Sciences (SINES) | School of Interdisciplinary Engineering and Sciences (SINES) | General Stacks | 05/19/2014 | 1 | 532.5DOU | RCMS001242 | 11/06/2018 | 05/19/2014 | Book | 10/19/2018 | |||||||
| School of Interdisciplinary Engineering and Sciences (SINES) | School of Interdisciplinary Engineering and Sciences (SINES) | General Stacks | 05/19/2014 | 532.5DOU | RCMS001243 | 05/19/2014 | 05/19/2014 | Book | |||||||||
| School of Interdisciplinary Engineering and Sciences (SINES) | School of Interdisciplinary Engineering and Sciences (SINES) | General Stacks | 05/19/2014 | 1 | 532.5DOU | RCMS001244 | 09/05/2018 | 05/19/2014 | Book | 09/05/2018 | 4 | 01/10/2024 | |||||
| School of Interdisciplinary Engineering and Sciences (SINES) | School of Interdisciplinary Engineering and Sciences (SINES) | General Stacks | 05/19/2014 | 1 | 532.5DOU | RCMS001245 | 10/02/2023 | 05/19/2014 | Book | 10/02/2023 | 11/01/2023 |
